Financial statements: (Record no. 364471)
[ view plain ]
| 000 -LEADER | |
|---|---|
| fixed length control field | 00409nam a2200121Ia 4500 |
| 008 - FIXED-LENGTH DATA ELEMENTS--GENERAL INFORMATION | |
| fixed length control field | 200924s9999 xx 000 0 und d |
| 020 ## - INTERNATIONAL STANDARD BOOK NUMBER | |
| International Standard Book Number | 978-971-980-242-6 |
| 100 ## - MAIN ENTRY--PERSONAL NAME | |
| Personal name | Aduana, Nick L. |
| 245 ## - TITLE STATEMENT | |
| Statement of responsibility, etc | Nick L. Aduana |
| Title | Financial statements: |
| Remainder of title | preparation, presentation, analysis and interpretation/ |
| 260 ## - PUBLICATION, DISTRIBUTION, ETC. (IMPRINT) | |
| Place of publication, distribution, etc | Manila: |
| Name of publisher, distributor, etc | C&E Publishing |
| Date of publication, distribution, etc | 2015 |
| 300 ## - PHYSICAL DESCRIPTION | |
| Extent | xiv, 330 pages |
| Dimensions | 25 cm. |
| 650 ## - SUBJECT ADDED ENTRY--TOPICAL TERM | |
| Topical term or geographic name as entry element | Financial statements |
| Withdrawn status | Lost status | Damaged status | Home library | Current library | Shelving location | Date acquired | Source of acquisition | Total Checkouts | Full call number | Barcode | Date last seen | Price effective from | Koha item type |
|---|---|---|---|---|---|---|---|---|---|---|---|---|---|
| College Library | College Library | Filipiniana Section | 09/24/2020 | HF 5681.B2 .A38 2015 | C22580 | 09/24/2020 | 09/24/2020 | Books |